[Event "BW 2018 Open"]
[Site "my_town"]
[Date "2018.02.23"]
[Round "1.32"]
[White "Margraf, Christoph"]
[Black "Tscharotschkin, Michael"]
[Result "0-1"]
[WhiteElo "1928"]
[BlackElo "2124"]
[Annotator "chessorg"]
[PlyCount "74"]
[EventDate "2018.??.??"]
[WhiteTeam "SC Ansbach 1855 e.V."]
[BlackTeam "SF 47 Neckartenzlingen"]

1. d4 e6 2. e4 d5 3. Nc3 Bb4 4. Bd2 dxe4 5. Nb5 Bxd2+ 6. Qxd2 Nf6 7. Qf4 O-O 8.
Qxc7 Nc6 9. c3 a6 10. Qxd8 Rxd8 11. Na3 e5 12. dxe5 Nxe5 13. Nc4 Nd3+ 14. Bxd3
exd3 15. f3 b5 16. Nd2 Nd5 17. Kf2 Re8 18. Rd1 Bf5 19. Ne4 Bxe4 20. fxe4 Nf6
21. Rxd3 Nxe4+ 22. Kf1 Rad8 23. Rxd8 Rxd8 24. Ke2 Rd2+ 25. Ke3 f5 26. Ne2 Rxb2
27. a4 bxa4 28. Ra1 g6 29. Ra3 Nc5 30. h4 Rb3 31. Ra2 a3 32. g3 Ne4 33. Kd3 a5
34. Kc2 a4 35. Ra1 Rb2+ 36. Kd3 a2 37. c4 Nc5+ 0-1

[Event "BW 2018 Open"]
[Site "my_town"]
[Date "2018.02.23"]
[Round "1.33"]
[White "Weber, Bernhard"]
[Black "Kievelitz, Bernd"]
[Result "1-0"]
[WhiteElo "2111"]
[BlackElo "1924"]
[Annotator "chessorg"]
[PlyCount "47"]
[EventDate "2018.??.??"]
[WhiteTeam "Luebecker SV"]
[BlackTeam "SC Zitadelle Spandau 1977 e.V."]

1. e4 c5 2. Nf3 e6 3. d4 cxd4 4. Nxd4 a6 5. Be3 Nf6 6. Bd3 Qc7 7. O-O d5 8. Nd2
e5 9. N4f3 d4 10. Bg5 Nc6 11. Rc1 Be6 12. c3 dxc3 13. Rxc3 Bb4 14. Rc1 Rd8 15.
Qe2 Qd7 16. Bc4 O-O 17. Rfd1 Bxc4 18. Nxc4 Qg4 19. Bxf6 gxf6 20. h3 Qh5 21. Ne3
Rxd1+ 22. Rxd1 Rd8 23. Rxd8+ Nxd8 24. Nd5 1-0

[Event "BW 2018 Open"]
[Site "my_town"]
[Date "2018.02.23"]
[Round "1.35"]
[White "Schroeder, Volker"]
[Black "Koch, Harald"]
[Result "1-0"]
[WhiteElo "2107"]
[BlackElo "1918"]
[Annotator "chessorg"]
[PlyCount "53"]
[EventDate "2018.??.??"]
[WhiteTeam "SK Weinheim 1911 e.V."]
[BlackTeam "SK Kissing"]

1. d4 Nc6 2. Nf3 Nf6 3. g3 d6 4. Bg2 g6 5. c4 Bg7 6. Nc3 O-O 7. O-O e5 8. dxe5
dxe5 9. Qxd8 Rxd8 10. Bg5 Be6 11. b3 e4 12. Nd2 h6 13. Bxf6 Bxf6 14. Ndxe4 Be7
15. Na4 b5 16. cxb5 Nd4 17. e3 Nxb5 18. Rfd1 Bd5 19. Rac1 Kg7 20. Rxd5 Rxd5 21.
Nec3 Nxc3 22. Nxc3 Rdd8 23. Bxa8 Rxa8 24. Nd5 Bd6 25. Nxc7 Rb8 26. Rc4 Rb7 27.
Ne8+ 1-0

[Event "BW 2018 Open"]
[Site "my_town"]
[Date "2018.02.23"]
[Round "1.36"]
[White "Funke, Joerg-Dietmar"]
[Black "Monninger, Moritz"]
[Result "1/2-1/2"]
[WhiteElo "1898"]
[BlackElo "2105"]
[Annotator "chessorg"]
[PlyCount "41"]
[EventDate "2018.??.??"]
[WhiteTeam "SC Naunhof"]
[BlackTeam "SK 1911 Herzogenaurach e.V."]

1. e4 e6 2. d4 d5 3. exd5 exd5 4. Bd3 Nc6 5. c3 Bd6 6. Ne2 Bg4 7. f3 Bh5 8. Bf4
Nge7 9. Qc2 Bg6 10. Nd2 Bxd3 11. Qxd3 Ng6 12. Bxd6 Qxd6 13. g3 O-O-O 14. O-O-O
Rde8 15. Rhe1 Re6 16. Ng1 Rhe8 17. Rxe6 Qxe6 18. f4 Nf8 19. Ngf3 f6 20. Re1 Qf7
21. Qf5+ 1/2-1/2

[Event "BW 2018 Open"]
[Site "my_town"]
[Date "2018.02.23"]
[Round "1.37"]
[White "Behling, Robert"]
[Black "Lochte, Szilvia"]
[Result "1-0"]
[WhiteElo "2097"]
[BlackElo "1892"]
[Annotator "chessorg"]
[PlyCount "55"]
[EventDate "2018.??.??"]
[WhiteTeam "TSV Haunstetten"]
[BlackTeam "SC-Starnberg"]

1. c4 c5 2. Nf3 Nf6 3. Nc3 Nc6 4. g3 g6 5. Bg2 Bg7 6. d4 cxd4 7. Nxd4 Qb6 8.
Nb3 d6 9. O-O O-O 10. Nd5 Nxd5 11. cxd5 Ne5 12. Be3 Qb5 13. Bd4 Bd7 14. f4 Bg4
15. Re1 Nd7 16. h3 Bxd4+ 17. Nxd4 Qxb2 18. hxg4 Nf6 19. e3 Rfc8 20. Bf3 Rc5 21.
Re2 Qa3 22. Nb3 Rc3 23. g5 Nd7 24. Rc1 Rac8 25. Rec2 Qb4 26. Rxc3 Rxc3 27. Rxc3
Qxc3 28. Qd2 1-0

[Event "BW 2018 Senioren"]
[Site "my_town"]
[Date "2018.02.23"]
[Round "1.38"]
[White "Harsch, Martin"]
[Black "Straeßer, Gerda"]
[Result "1-0"]
[WhiteElo "1963"]
[BlackElo "1658"]
[Annotator "chessorg"]
[PlyCount "43"]
[EventDate "2018.??.??"]
[WhiteTeam "SK Saanenland"]
[BlackTeam "SV Rottweil"]

1. e4 e6 2. d4 d5 3. Nd2 dxe4 4. Nxe4 Nd7 5. Nf3 Ngf6 6. Nxf6+ Nxf6 7. Bd3 b6
8. O-O Be7 9. Qe2 O-O 10. Bg5 Bb7 11. Rad1 Re8 12. c3 Qc8 13. Rfe1 a5 14. Ne5
Nd5 15. Bxe7 Rxe7 16. Qh5 Nf6 17. Qh4 Re8 18. Re3 Qd8 19. Rg3 Ne4 20. Qh5 Nxg3
21. Bxh7+ Kh8 22. Nxf7# 1-0

[Event "BW 2018 Open"]
[Site "my_town"]
[Date "2018.02.23"]
[Round "1.39"]
[White "Antoniacci, Riccardo"]
[Black "Heller, Achim"]
[Result "0-1"]
[WhiteElo "1874"]
[BlackElo "2089"]
[Annotator "chessorg"]
[PlyCount "72"]
[EventDate "2018.??.??"]
[BlackTeam "Ennepe Ruhr Sued"]

1. e4 c6 2. Nc3 d5 3. Nf3 Nf6 4. e5 Ne4 5. d4 Nxc3 6. bxc3 e6 7. Bg5 Qc7 8. Bd3
c5 9. O-O Nc6 10. Qd2 c4 11. Be2 h6 12. Bh4 Bd7 13. a4 Ne7 14. Ne1 Nf5 15. Bg3
Qa5 16. f4 b5 17. Bf2 h5 18. Qd1 bxa4 19. g4 hxg4 20. Bxg4 Nh6 21. Bf3 Qxc3 22.
Ng2 Nf5 23. Bg4 g6 24. Bxf5 gxf5 25. Bg3 a3 26. Rf3 Qa5 27. Bh4 Rb8 28. Bf6 Rg8
29. Bg5 Rb2 30. h4 a2 31. h5 Qb6 32. Rf1 Ba4 33. Ne3 Bh6 34. Kh1 Bxg5 35. fxg5
Qd8 36. Qc1 Qxg5 0-1

[Event "BW 2018 Senioren"]
[Site "my_town"]
[Date "2018.02.23"]
[Round "1.40"]
[White "Lainburg, Viktor"]
[Black "Oser, Thor"]
[Result "1-0"]
[WhiteElo "1960"]
[BlackElo "1650"]
[Annotator "chessorg"]
[PlyCount "83"]
[EventDate "2018.??.??"]
[WhiteTeam "SC Weiße Dame Ulm e.V."]
[BlackTeam "SK 1929 Joehlingen"]

1. d4 d5 2. Nf3 Nc6 3. g3 g6 4. Bg2 Bg7 5. O-O Nf6 6. Ne5 O-O 7. Nxc6 bxc6 8.
Nd2 Bd7 9. Nb3 Qc8 10. Bf4 Bh3 11. f3 Bxg2 12. Kxg2 Nd7 13. Qd2 e5 14. Bh6 exd4
15. Bxg7 Kxg7 16. Qxd4+ f6 17. Rfe1 Re8 18. e4 dxe4 19. Rxe4 Rxe4 20. Qxe4 Qe8
21. Re1 Qxe4 22. Rxe4 Kf7 23. Rc4 Ne5 24. Rc5 g5 25. h3 Rb8 26. f4 gxf4 27.
gxf4 Ng6 28. Kf3 Ne7 29. Ra5 Rb7 30. Ke2 Nc8 31. Rc5 Ne7 32. Kd2 Rb5 33. c4
Rxc5 34. Nxc5 Ng6 35. Ke3 Ke7 36. Ke4 Kd6 37. Nd3 Ne7 38. b4 Ke6 39. Nc5+ Kd6
40. f5 Nc8 41. Ne6 Ne7 42. c5+ 1-0

[Event "BW 2018 Open"]
[Site "my_town"]
[Date "2018.02.23"]
[Round "1.42"]
[White "Tafertshofer, Matthias"]
[Black "Schreib, Marc"]
[Result "1-0"]
[WhiteElo "2045"]
[BlackElo "1848"]
[Annotator "chessorg"]
[PlyCount "79"]
[EventDate "2018.??.??"]
[WhiteTeam "SK Weilheim"]
[BlackTeam "SK Neuperach"]

1. d4 Nf6 2. c4 c5 3. d5 b5 4. cxb5 a6 5. f3 e6 6. e4 Qb6 7. Nc3 Bb7 8. a4 axb5
9. Bxb5 Na6 10. Bg5 Nb4 11. dxe6 Qxe6 12. Nge2 Rd8 13. O-O Be7 14. Ng3 c4 15.
Nf5 Bc5+ 16. Kh1 O-O 17. Bxf6 Qxf6 18. Ng3 d5 19. exd5 Nd3 20. Nge4 Qd4 21.
Nxc5 Qxc5 22. Qc2 Nb4 23. Qf2 Qxf2 24. Rxf2 Nxd5 25. Nxd5 Bxd5 26. Rd2 Be6 27.
Rxd8 Rxd8 28. a5 Ra8 29. Bc6 Ra7 30. a6 Kf8 31. Kg1 Ke7 32. Bb7 Kd6 33. Kf2 Kc7
34. Rc1 Rxb7 35. axb7 Kxb7 36. Ke3 Kb6 37. Kd4 Kb5 38. Kc3 h5 39. Re1 g6 40.
Re5+ 1-0

[Event "BW 2018 Senioren"]
[Site "my_town"]
[Date "2018.02.23"]
[Round "1.44"]
[White "Goris, Ton"]
[Black "Thiel, Harry"]
[Result "1-0"]
[WhiteElo "1939"]
[BlackElo "1611"]
[Annotator "chessorg"]
[PlyCount "77"]
[EventDate "2018.??.??"]

1. e4 e5 2. d4 exd4 3. Qxd4 Nc6 4. Qe3 Be7 5. Nc3 Nf6 6. Bc4 O-O 7. Bd2 b6 8.
O-O-O Bc5 9. Qg3 Bd4 10. Nge2 Bxc3 11. Nxc3 Ne5 12. Qxe5 d6 13. Qg3 Bb7 14. Bg5
h6 15. Bxh6 Nh5 16. Qg5 Qxg5+ 17. Bxg5 g6 18. Nd5 Bxd5 19. Bxd5 Rac8 20. g4 Ng7
21. Bc6 Ne6 22. Be7 Nc5 23. Bxf8 Kxf8 24. b4 Ne6 25. Bd7 Ra8 26. Bxe6 fxe6 27.
h4 Kf7 28. h5 g5 29. f4 Kf6 30. fxg5+ Kxg5 31. h6 e5 32. h7 Rh8 33. Rdf1 Kg6
34. Rf5 c5 35. g5 cxb4 36. Rf6+ Kg7 37. Rxd6 Rxh7 38. Rd7+ Kg6 39. Rdxh7 1-0

[Event "BW 2018 Open"]
[Site "my_town"]
[Date "2018.02.23"]
[Round "1.44"]
[White "Riegler, Dieter"]
[Black "Arndt, Stefan"]
[Result "1/2-1/2"]
[WhiteElo "1999"]
[BlackElo "2194"]
[Annotator "chessorg"]
[PlyCount "35"]
[EventDate "2018.??.??"]
[WhiteTeam "SF Heidelberg"]
[BlackTeam "SG Ennepe-Ruhr-Sued"]

1. d4 Nf6 2. c4 e6 3. Nf3 d5 4. g3 Bb4+ 5. Nbd2 O-O 6. Bg2 c6 7. O-O Nbd7 8. a3
Bd6 9. Qc2 Qe7 10. e4 dxe4 11. Nxe4 Nxe4 12. Qxe4 e5 13. dxe5 Nxe5 14. Nxe5
Qxe5 15. Qc2 Bf5 16. Qb3 Qe7 17. Bd2 Qc7 18. Bb4 1/2-1/2

[Event "BW 2018 Senioren"]
[Site "my_town"]
[Date "2018.02.23"]
[Round "1.45"]
[White "Chochoy, Patrick"]
[Black "Vonach, Bernhard"]
[Result "0-1"]
[WhiteElo "1604"]
[BlackElo "1938"]
[Annotator "chessorg"]
[PlyCount "68"]
[EventDate "2018.??.??"]
[WhiteTeam "Echiquier de Franconville"]
[BlackTeam "SF Windach"]

1. e4 e5 2. Nf3 Nc6 3. Bb5 a6 4. Ba4 Nf6 5. O-O b5 6. Bb3 Be7 7. Qe2 O-O 8. c3
d6 9. d4 Bg4 10. Rd1 Qd7 11. a4 Rab8 12. axb5 axb5 13. d5 Nd8 14. Nbd2 Ne8 15.
Bc2 g6 16. Nf1 Ng7 17. Bh6 f6 18. Bxg7 Kxg7 19. Ne3 Bh5 20. h3 Bxf3 21. Qxf3
Nf7 22. Qg3 Kh8 23. Rf1 Ra8 24. h4 Rxa1 25. Rxa1 Qd8 26. Qf3 Nh6 27. Qe2 f5 28.
h5 f4 29. Ng4 f3 30. gxf3 Nxg4 31. fxg4 Bh4 32. f3 gxh5 33. Qg2 hxg4 34. Rf1
gxf3 0-1

[Event "BW 2018 Open"]
[Site "my_town"]
[Date "2018.02.23"]
[Round "1.46"]
[White "Adiyaman, René"]
[Black "Fenske, Wolfgang"]
[Result "1-0"]
[WhiteElo "2046"]
[BlackElo "1888"]
[Annotator "chessorg"]
[PlyCount "55"]
[EventDate "2018.??.??"]
[WhiteTeam "SV Welper 1922/DBSB"]

1. e4 c5 2. c3 Nc6 3. d4 cxd4 4. cxd4 d6 5. Nf3 e6 6. Nc3 a6 7. Be3 Nf6 8. Bd3
Be7 9. O-O O-O 10. h3 b5 11. Ne2 Bb7 12. Ng3 Rc8 13. Qe2 Re8 14. Rfd1 Qc7 15.
Rac1 Qb8 16. Nh2 Bf8 17. Ng4 Nd7 18. Nh5 Ne7 19. Bg5 Ng6 20. Qe3 e5 21. dxe5
Ngxe5 22. Qg3 Nxg4 23. Qxg4 Ne5 24. Qg3 Nxd3 25. Rxc8 Qxc8 26. Nf6+ Kh8 27.
Nxe8 Qxe8 28. Qxd3 1-0

[Event "BW 2018 Open"]
[Site "my_town"]
[Date "2018.02.23"]
[Round "1.48"]
[White "Wahl, Peter"]
[Black "Stuemer, Paul"]
[Result "0-1"]
[WhiteElo "1820"]
[BlackElo "2067"]
[Annotator "chessorg"]
[PlyCount "90"]
[EventDate "2018.??.??"]
[BlackTeam "SV Bergneustadt/Derschlag"]

1. d4 Nf6 2. c4 g6 3. Nc3 Bg7 4. e4 O-O 5. e5 Ne8 6. Nf3 d6 7. h3 c5 8. dxc5
Qa5 9. cxd6 exd6 10. Qd5 Qxd5 11. Nxd5 Nc6 12. Bg5 dxe5 13. Ne7+ Nxe7 14. Bxe7
e4 15. Nd2 Bxb2 16. Rd1 f5 17. Bxf8 Kxf8 18. Be2 Be6 19. O-O b6 20. Rb1 Ba3 21.
Rb3 Bc5 22. Rd1 Rd8 23. Kf1 f4 24. Ke1 Nf6 25. f3 e3 26. Ne4 Rxd1+ 27. Kxd1
Nxe4 28. fxe4 Ke7 29. Kc2 Kf6 30. Kd3 Kg5 31. Rb1 Kh4 32. Rf1 g5 33. Bf3 h5 34.
e5 Kg3 35. Be4 g4 36. hxg4 hxg4 37. Bd5 Bxd5 38. cxd5 f3 39. gxf3 gxf3 40. e6
e2 41. Rc1 Kf2 42. Rxc5 bxc5 43. e7 e1=Q 44. d6 Qe6 45. Kc3 Kg2 0-1

[Event "BW 2018 Open"]
[Site "my_town"]
[Date "2018.02.23"]
[Round "1.51"]
[White "Schoenberger, Peter"]
[Black "Kapahnke, Tilo"]
[Result "1-0"]
[WhiteElo "2057"]
[BlackElo "1571"]
[Annotator "chessorg"]
[PlyCount "47"]
[EventDate "2018.??.??"]
[BlackTeam "SC Starnberg"]

1. e4 e5 2. Nf3 Nc6 3. Bb5 a6 4. Ba4 Nf6 5. Qe2 b5 6. Bb3 Be7 7. c3 d6 8. O-O
Bg4 9. d3 h6 10. Rd1 Na5 11. Bc2 c5 12. Nbd2 O-O 13. Nf1 Nh7 14. h3 Bh5 15. Ng3
Bxf3 16. Qxf3 Ng5 17. Qh5 Kh7 18. Nf5 Rg8 19. h4 Ne6 20. Qxf7 Bxh4 21. Qxe6 Qf8
22. Nxh4 Re8 23. Qg6+ Kh8 24. Nf5 1-0

[Event "BW 2018 Open"]
[Site "my_town"]
[Date "2018.02.23"]
[Round "1.52"]
[White "Bangert, Ruediger"]
[Black "Remensberger, Paul"]
[Result "0-1"]
[WhiteElo "1563"]
[BlackElo "2056"]
[Annotator "chessorg"]
[PlyCount "66"]
[EventDate "2018.??.??"]
[WhiteTeam "Ohne"]
[BlackTeam "Herrliberg"]

1. e4 e6 2. Nf3 d5 3. exd5 exd5 4. d4 Bd6 5. Nc3 Ne7 6. a3 Bg4 7. Nb5 Nbc6 8.
Be2 O-O 9. Nxd6 Qxd6 10. h3 Bxf3 11. Bxf3 Nf5 12. c3 Rfe8+ 13. Be2 Qe6 14. Qd3
Re7 15. g4 Rae8 16. gxf5 Qxe2+ 17. Qxe2 Rxe2+ 18. Kf1 Re1+ 19. Kg2 Rxh1 20.
Kxh1 Re1+ 21. Kg2 Na5 22. f4 Nb3 23. Kf2 Rxc1 24. Rxc1 Nxc1 25. Ke3 Nb3 26. Kd3
Na5 27. Kc2 f6 28. b3 b5 29. h4 Kf7 30. h5 Ke7 31. b4 Nc4 32. Kb3 Nd6 33. a4 a6
0-1

[Event "BW 2018 Senioren"]
[Site "my_town"]
[Date "2018.02.23"]
[Round "1.53"]
[White "Hertkorn, Dieter"]
[Black "Di Lazzaro, Gabriele"]
[Result "0-1"]
[WhiteElo "1547"]
[BlackElo "1899"]
[Annotator "chessorg"]
[PlyCount "104"]
[EventDate "2018.??.??"]
[WhiteTeam "Kein Verein"]

1. e4 d5 2. exd5 Nf6 3. d4 Nxd5 4. c4 Nb6 5. Nc3 g6 6. Nf3 Bg7 7. Be2 Nc6 8.
Be3 O-O 9. O-O Na5 10. b3 Nc6 11. c5 Nd5 12. Nxd5 Qxd5 13. Bc4 Qd8 14. h3 Bf5
15. Qd2 Be4 16. Rad1 Bxf3 17. gxf3 Qd7 18. Kh2 Qf5 19. Be2 Rad8 20. f4 h5 21.
Bd3 Qf6 22. Be4 Nxd4 23. Bxd4 Rxd4 24. Qe3 Rxd1 25. Rxd1 Bh6 26. Kg3 e5 27.
fxe5 Qxe5+ 28. f4 h4+ 29. Kf3 Qh5+ 30. Kf2 Qxd1 31. Bf3 Qc2+ 32. Qe2 Qxe2+ 33.
Kxe2 Re8+ 34. Kf2 c6 35. Be2 Bxf4 36. Bc4 Be3+ 37. Kf3 Bxc5 38. a4 Kg7 39. Kf4
f5 40. Kf3 Kf6 41. Kg2 Re3 42. Bg8 Rg3+ 43. Kh2 Bd6 44. b4 Rb3+ 45. Kg2 Rxb4
46. a5 g5 47. Kf3 g4+ 48. Kg2 Rb2+ 49. Kh1 g3 50. a6 b5 51. Bh7 Bc5 52. Bxf5
Rh2# 0-1

[Event "BW 2018 Senioren"]
[Site "my_town"]
[Date "2018.02.23"]
[Round "1.56"]
[White "Braeu, Emmi"]
[Black "Hansch, Klaus-Michael"]
[Result "0-1"]
[WhiteElo "1519"]
[BlackElo "1888"]
[Annotator "chessorg"]
[PlyCount "76"]
[EventDate "2018.??.??"]
[WhiteTeam "SK Marktoberdorf"]
[BlackTeam "SC Weisse Dame e.V."]

1. Nf3 c5 2. c4 b6 3. g3 Bb7 4. Bg2 Nf6 5. O-O e6 6. Nc3 d6 7. d3 Be7 8. Bg5
Nbd7 9. Qc2 O-O 10. Rad1 a6 11. e3 Qc7 12. Ne4 Rfd8 13. Rd2 h6 14. Bxf6 Nxf6
15. Nc3 Bc6 16. Rfd1 Qb7 17. Ne1 Bxg2 18. Nxg2 Rac8 19. b3 d5 20. cxd5 Nxd5 21.
Nxd5 Rxd5 22. Nf4 Rdd8 23. Qb1 Bf6 24. Ne2 h5 25. d4 c4 26. bxc4 Rxc4 27. Rc2
Rxc2 28. Qxc2 Rc8 29. Qb3 h4 30. h3 Qf3 31. Qd3 b5 32. Rc1 Rxc1+ 33. Nxc1 hxg3
34. Qe2 gxf2+ 35. Qxf2 Qxh3 36. Ne2 Bh4 37. Qg2 Qxe3+ 38. Kh1 Bd8 0-1

[Event "Schachfestival 2018 Open"]
[Site "Bad Woerishofen"]
[Date "2018.02.24"]
[Round "2.1"]
[White "Burmakin, Vladimir"]
[Black "Lochte, Thomas"]
[Result "1-0"]
[WhiteElo "2528"]
[BlackElo "2160"]
[Annotator "chessorg"]
[PlyCount "53"]
[EventDate "2018.??.??"]
[BlackTeam "SK Weilheim"]

1. d4 Nf6 2. Nf3 e6 3. g3 d5 4. Bg2 c5 5. O-O Nc6 6. c4 dxc4 7. Qa4 cxd4 8.
Nxd4 Qxd4 9. Bxc6+ Bd7 10. Rd1 Bxc6 11. Qxc6+ bxc6 12. Rxd4 Rd8 13. Rxc4 Rd1+
14. Kg2 Kd7 15. Nc3 Re1 16. b3 Ba3 17. Bb2 Rxa1 18. Bxa1 Rb8 19. Na4 Rb4 20.
Rc2 Rb5 21. Bd4 Ra5 22. f4 Be7 23. Kf3 g6 24. e4 Ne8 25. Bc5 Bxc5 26. Nxc5+ Kc7
27. a4 1-0

[Event "Schachfestival 2018 Open"]
[Site "Bad Woerishofen"]
[Date "2018.02.24"]
[Round "2.2"]
[White "Wenner, Tobias"]
[Black "Pap, Misa"]
[Result "0-1"]
[WhiteElo "2146"]
[BlackElo "2502"]
[Annotator "chessorg"]
[PlyCount "108"]
[EventDate "2018.??.??"]
[WhiteTeam "SK 1962 Ladenburg"]
[BlackTeam "SC Hansa Dortmund e.V."]

1. Nf3 c5 2. g3 g6 3. Bg2 Bg7 4. O-O Nc6 5. c3 e5 6. d3 Nge7 7. Nbd2 O-O 8. e4
d6 9. a4 h6 10. Nc4 Be6 11. Nfd2 b6 12. Qe2 d5 13. exd5 Bxd5 14. Ne4 f5 15.
Ned6 Bxg2 16. Kxg2 a6 17. Bd2 Rf6 18. f4 Rxd6 19. Nxd6 Qxd6 20. Rad1 Qd5+ 21.
Kg1 Rd8 22. Be3 Kh7 23. Rfe1 Rd7 24. Qc2 Qg8 25. a5 Nxa5 26. fxe5 Nd5 27. Bf2
h5 28. Qa4 Qc8 29. d4 c4 30. Qc2 Bh6 31. e6 Re7 32. Qe2 Qc6 33. Qf3 Rxe6 34.
Rxe6 Qxe6 35. Re1 Qd7 36. Re5 Nf6 37. Qa8 Nc6 38. Re2 h4 39. Qxa6 Qd5 40. gxh4
b5 41. Qb7+ Bg7 42. Qc7 Ne4 43. Be3 Ne5 44. h5 g5 45. Qb6 f4 46. Bf2 Nf3+ 47.
Kh1 Nh4 48. Kg1 Nxf2 49. Rxf2 f3 50. Qc5 Qe4 51. d5 Qb1+ 52. Rf1 Qxb2 53. Qf2
Qxc3 54. Rd1 Nf5 0-1

[Event "Schachfestival 2018 Open"]
[Site "Bad Woerishofen"]
[Date "2018.02.24"]
[Round "2.3"]
[White "Karpatchev, Alexandr"]
[Black "Babar, Michael"]
[Result "1/2-1/2"]
[WhiteElo "2494"]
[BlackElo "2145"]
[Annotator "chessorg"]
[PlyCount "84"]
[EventDate "2018.??.??"]
[WhiteTeam "SF Bad Mergentheim"]
[BlackTeam "Schachclub Hansa Dortmund e.V."]

1. e4 e5 2. Nf3 Nc6 3. Bb5 a6 4. Ba4 Nf6 5. d3 b5 6. Bb3 Be7 7. Nc3 d6 8. a3
O-O 9. Bg5 Na5 10. Ba2 c5 11. Bxf6 Bxf6 12. Nd5 Nc6 13. c3 Rb8 14. O-O g6 15.
Ne1 Bg5 16. Nc2 Ne7 17. d4 Nxd5 18. Bxd5 Kg7 19. dxc5 dxc5 20. Qe2 f5 21. Rad1
f4 22. f3 Qb6 23. Kh1 Be7 24. g3 Qf6 25. Ne1 Bh3 26. Rg1 c4 27. gxf4 Qxf4 28.
Rg3 Qh6 29. Qf2 Kh8 30. Qa7 Bg5 31. Ng2 Rbd8 32. Qxa6 Bf4 33. Nxf4 exf4 34.
Rgg1 Qh5 35. Rgf1 Bxf1 36. Rxf1 Rxd5 37. exd5 Qxd5 38. Qa7 Rd8 39. Qc7 Kg8 40.
Kg2 Rd7 41. Qc8+ Kg7 42. Re1 Qf5 1/2-1/2

[Event "Schachfestival 2018 Open"]
[Site "Bad Woerishofen"]
[Date "2018.02.24"]
[Round "2.5"]
[White "Naumkin, Igor"]
[Black "Weber, Bernhard"]
[Result "1-0"]
[WhiteElo "2430"]
[BlackElo "2111"]
[Annotator "chessorg"]
[PlyCount "55"]
[EventDate "2018.??.??"]
[BlackTeam "Luebecker SV"]

1. d4 Nf6 2. c4 e6 3. Nf3 Bb4+ 4. Bd2 c5 5. Bxb4 cxb4 6. a3 bxa3 7. Nxa3 Nc6 8.
e3 O-O 9. Nc2 d5 10. c5 b6 11. b4 Ne4 12. Bd3 f5 13. O-O Qc7 14. Qc1 Bd7 15.
Qa3 Ne7 16. Ne5 bxc5 17. bxc5 Nc6 18. Nxd7 Qxd7 19. Bb5 Qc7 20. Qa6 Nd8 21. f3
Ng5 22. Qa5 Rf7 23. h4 Nh3+ 24. Kh1 Qg3 25. Qe1 f4 26. Qxg3 fxg3 27. gxh3 Rb8
28. Ba4 1-0

[Event "Schachfestival 2018 Open"]
[Site "Bad Woerishofen"]
[Date "2018.02.24"]
[Round "2.9"]
[White "Hanisch, Sebastian"]
[Black "Ivanov, Mikhail"]
[Result "0-1"]
[WhiteElo "2095"]
[BlackElo "2355"]
[Annotator "chessorg"]
[PlyCount "66"]
[EventDate "2018.??.??"]
[WhiteTeam "SC Kempten 1878"]

1. d4 Nf6 2. Bf4 g6 3. Nf3 Bg7 4. Nbd2 d6 5. e4 O-O 6. c3 Nbd7 7. Bd3 Qe8 8.
O-O e5 9. Bg5 h6 10. Bh4 Nh5 11. Re1 Nf4 12. Bc2 Nf6 13. dxe5 dxe5 14. Nc4 N6h5
15. Qd2 Bg4 16. Qe3 g5 17. Bg3 Qb5 18. b3 Rfe8 19. Rad1 a5 20. Nb2 Qc6 21. Rd2
Bf8 22. Red1 Bc5 23. Qe1 Qf6 24. Bxf4 Nxf4 25. Rd3 Nxd3 26. Rxd3 Rad8 27. Bd1
Rxd3 28. Nxd3 Bxf3 29. Bxf3 Bb6 30. c4 Rd8 31. Qc3 g4 32. c5 gxf3 33. cxb6 cxb6
0-1

[Event "Schachfestival 2018 Open"]
[Site "Bad Woerishofen"]
[Date "2018.02.24"]
[Round "2.10"]
[White "Qendro, Llambi"]
[Black "Bruchmann, Norbert"]
[Result "1/2-1/2"]
[WhiteElo "2342"]
[BlackElo "2087"]
[Annotator "chessorg"]
[PlyCount "35"]
[EventDate "2018.??.??"]
[BlackTeam "SG Ennepe-Ruhr-Sued"]

1. d4 e6 2. c4 Nf6 3. Nf3 Bb4+ 4. Bd2 a5 5. g3 b6 6. Bg2 Bb7 7. O-O O-O 8. Nc3
d6 9. Qc2 Bxc3 10. Bxc3 Be4 11. Qd2 Nbd7 12. Rad1 Qe7 13. Qe3 Rfe8 14. Rd2 Bb7
15. Nh4 Bxg2 16. Kxg2 g6 17. f4 d5 18. b3 1/2-1/2

[Event "Schachfestival 2018 Open"]
[Site "Bad Woerishofen"]
[Date "2018.02.24"]
[Round "2.11"]
[White "Heller, Achim"]
[Black "De Francesco, Klaus"]
[Result "1-0"]
[WhiteElo "2089"]
[BlackElo "2301"]
[Annotator "chessorg"]
[PlyCount "103"]
[EventDate "2018.??.??"]
[WhiteTeam "Ennepe Ruhr Sued"]
[BlackTeam "SK Weilheim"]

1. d4 e6 2. c4 f5 3. g3 Nf6 4. Bg2 Bb4+ 5. Bd2 Qe7 6. Nf3 Ne4 7. O-O O-O 8. a3
Bxd2 9. Nfxd2 Nxd2 10. Qxd2 d6 11. e3 e5 12. f4 e4 13. Nc3 Be6 14. d5 Bf7 15.
Ne2 c6 16. dxc6 bxc6 17. Rac1 Bh5 18. Nd4 Kh8 19. Bh3 Bg4 20. Bxg4 fxg4 21. f5
Qe5 22. Rcd1 Nd7 23. Ne6 Rxf5 24. Rxf5 Qxf5 25. Qxd6 Nf6 26. Qe7 Qg6 27. Nd8 h5
28. Qb7 Rxd8 29. Rxd8+ Kh7 30. Qb8 Qf5 31. Qf4 Qa5 32. Rd1 Kg6 33. Qf1 Qc5 34.
Qe2 a5 35. Rd4 Qe5 36. b4 c5 37. bxc5 Qxc5 38. Qb2 Qg5 39. Qd2 Qc5 40. Qc3 Kg5
41. Rd1 Kh6 42. a4 Kg5 43. Qd4 Qa3 44. c5 Qa2 45. Rc1 h4 46. gxh4+ Kh5 47. Qe5+
Kxh4 48. Qg3+ Kh5 49. c6 Qb2 50. Rc5+ g5 51. c7 Qb1+ 52. Kg2 1-0

[Event "Schachfestival 2018 Open"]
[Site "Bad Woerishofen"]
[Date "2018.02.24"]
[Round "2.12"]
[White "Dittmar, Peter"]
[Black "Tafertshofer, Matthias"]
[Result "1-0"]
[WhiteElo "2298"]
[BlackElo "2045"]
[Annotator "chessorg"]
[PlyCount "79"]
[EventDate "2018.??.??"]
[WhiteTeam "SC Freibauer Moerlenbach-Birkenau"]
[BlackTeam "SK Weilheim"]

1. c4 e5 2. e3 Nf6 3. Nc3 Nc6 4. Nge2 Be7 5. d4 exd4 6. Nxd4 Nxd4 7. Qxd4 O-O
8. Be2 d6 9. O-O Nd7 10. Nd5 Bf6 11. Nxf6+ Qxf6 12. Rd1 Re8 13. b3 Qxd4 14.
Rxd4 Ne5 15. Bb2 Bf5 16. Rad1 a5 17. c5 dxc5 18. Rd5 f6 19. Rxc5 c6 20. f3 a4
21. e4 Be6 22. Bxe5 fxe5 23. Rxe5 axb3 24. axb3 Bxb3 25. Rxe8+ Rxe8 26. Rb1 Be6
27. Rxb7 Rc8 28. Ba6 Ra8 29. Rb6 Bd7 30. Kf2 Kf8 31. Ke3 Ke7 32. Kd4 Rf8 33.
Bc4 Kd6 34. Ra6 Re8 35. f4 Rf8 36. e5+ Ke7 37. g3 g5 38. Ra7 gxf4 39. e6 Rd8
40. gxf4 1-0

[Event "Schachfestival 2018 Open"]
[Site "Bad Woerishofen"]
[Date "2018.02.24"]
[Round "2.13"]
[White "Ballon, Guenther Jan"]
[Black "Cebalo, Miso"]
[Result "0-1"]
[WhiteElo "2071"]
[BlackElo "2287"]
[Annotator "chessorg"]
[PlyCount "54"]
[EventDate "2018.??.??"]
[WhiteTeam "Caissa Amsterdam"]

1. d4 Nf6 2. c4 e6 3. Nc3 Bb4 4. Bd2 c5 5. dxc5 Bxc5 6. Nf3 b6 7. e3 Bb7 8. Be2
O-O 9. O-O d5 10. cxd5 Nxd5 11. Nxd5 Bxd5 12. Bc3 Nd7 13. Qa4 Nf6 14. Rfd1 Qe7
15. Rac1 Ne4 16. Bd4 Rac8 17. Bxc5 Nxc5 18. Qa3 a5 19. h3 Qf6 20. b4 Ne4 21.
Rxc8 Rxc8 22. Rc1 Rxc1+ 23. Qxc1 Qc3 24. Qb1 Qxb4 25. Qc2 Nc3 26. Bd3 g6 27.
Ne5 Bxa2 0-1

[Event "Schachfestival 2018 Open"]
[Site "Bad Woerishofen"]
[Date "2018.02.24"]
[Round "2.17"]
[White "Remensberger, Paul"]
[Black "Fischer, Daniel"]
[Result "0-1"]
[WhiteElo "2056"]
[BlackElo "2164"]
[Annotator "chessorg"]
[PlyCount "56"]
[EventDate "2018.??.??"]
[WhiteTeam "Herrliberg"]
[BlackTeam "SC Dreilaendereck"]

1. Nf3 d5 2. g3 Nf6 3. Bg2 Bf5 4. O-O e6 5. d3 h6 6. c4 c6 7. cxd5 exd5 8. Nc3
Be7 9. Nd4 Bh7 10. e4 O-O 11. e5 Nfd7 12. f4 Qb6 13. Be3 Qxb2 14. Nce2 Qa3 15.
Nc1 Na6 16. Bh3 Nac5 17. Rb1 Rad8 18. Bxd7 Rxd7 19. f5 Bg5 20. Bxg5 hxg5 21.
Qg4 Re7 22. Nf3 Nxd3 23. Qxg5 Qc5+ 24. Kh1 Nf2+ 25. Rxf2 Qxf2 26. Qxe7 Qxf3+
27. Kg1 Qe3+ 28. Kf1 Bxf5 0-1